[Event "World Rapid 2022"]
[Site "Almaty KAZ"]
[Date "2022.12.26"]
[Round "2.71"]
[White "Narayanan, Srinath"]
[Black "Tsaruk, Maksim"]
[Result "0-1"]
[WhiteTitle "GM"]
[BlackTitle "FM"]
[WhiteElo "2559"]
[BlackElo "2373"]
[WhiteFideId "5018420"]
[BlackFideId "13511173"]
[EventDate "2022.12.26"]

1. d4 Nf6 2. Bf4 d5 3. e3 c5 4. Nf3 Nc6 5. Nbd2 g6 6. dxc5 Bg7 7. c3 O-O 8. Rc1
Bg4 9. Be2 Qa5 10. b4 Qxa2 11. O-O Ne4 12. b5 Nd8 13. Rc2 Qa3 14. Nxe4 dxe4 15.
Nd2 Bxe2 16. Qxe2 Qa4 17. Qd1 Qxb5 18. Nxe4 Qc6 19. Qf3 Ne6 20. Rb1 Rfd8 21. h4
f5 22. Ng5 Qxf3 23. Nxf3 Nxc5 24. Be5 b6 25. Bd4 Nd7 26. Bxg7 Kxg7 27. Nd4 Kf6
28. Ra2 Rdc8 29. Ra3 Rc4 30. Rb4 Rc5 31. Ne2 e5 32. g4 a5 33. g5+ Ke7 34. Rb1
Rc4 35. f4 Rac8 36. Kf2 R8c6 37. h5 exf4 38. Nxf4 gxh5 39. Rh1 Kf7 40. Rxh5 Kg7
41. Ne2 Ne5 42. Nd4 Rxc3 43. Nxc6 Ng4+ 44. Kf3 Rxa3 45. Kf4 a4 46. Rh3 Nf2 47.
Rf3 Nd3+ 48. Kxf5 Rc3 49. Nd4 a3 50. Ke6 Nc5+ 51. Ke7 a2 52. Nf5+ Kg6 53. Rf1 0-1

[Event "World Rapid 2022"]
[Site "Almaty KAZ"]
[Date "2022.12.26"]
[Round "2.72"]
[White "Tologon tegin, Semetei"]
[Black "Christiansen, Johan-Sebastian"]
[Result "1-0"]
[WhiteTitle "IM"]
[BlackTitle "GM"]
[WhiteElo "2394"]
[BlackElo "2578"]
[WhiteFideId "13800574"]
[BlackFideId "1512668"]
[EventDate "2022.12.26"]

1. e4 e5 2. Nc3 Nf6 3. f4 d5 4. fxe5 Nxe4 5. Nf3 Bc5 6. d4 Bb4 7. Bd2 Bxc3 8.
bxc3 Bg4 9. Bd3 Nxd2 10. Qxd2 Bxf3 11. gxf3 Qh4+ 12. Qf2 Qxf2+ 13. Kxf2 Nd7 14.
Rhg1 g6 15. f4 f5 16. h4 Ke7 17. Rab1 Rab8 18. h5 Rhg8 19. Rg5 c5 20. Rbg1 cxd4
21. cxd4 Nf8 22. Bxf5 Rg7 23. hxg6 hxg6 24. Bxg6 Ne6 25. f5 Nxg5 26. Rxg5 Rf8
27. Ke3 Rxf5 28. Rxf5 Rxg6 29. Rh5 Rg3+ 30. Kf4 Ra3 31. Rh7+ Ke6 32. Rxb7 Rxa2
33. Rc7 Ra6 34. c4 Ra4 35. cxd5+ Kxd5 36. Rd7+ Ke6 37. Rd6+ Ke7 38. Ke4 Ra1 39.
Rh6 Ra4 40. Rh7+ Ke6 41. Rb7 Ra5 42. Rg7 Ra4 43. Rc7 a6 44. Rh7 a5 45. Ra7 Rb4
46. Rxa5 Rc4 47. Ra6+ Ke7 48. Kd5 Rc7 49. Re6+ Kf7 50. Rh6 Rd7+ 51. Ke4 Kg7 52.
Ra6 Rb7 53. d5 Rb1 1-0

[Event "World Rapid 2022"]
[Site "Almaty KAZ"]
[Date "2022.12.26"]
[Round "2.73"]
[White "Durarbayli, Vasif"]
[Black "Sapenov, Daniyal"]
[Result "1/2-1/2"]
[WhiteTitle "GM"]
[BlackTitle "FM"]
[WhiteElo "2612"]
[BlackElo "2323"]
[WhiteFideId "13402935"]
[BlackFideId "13728911"]
[EventDate "2022.12.26"]

1. e4 e5 2. Nf3 Nc6 3. Bb5 a6 4. Ba4 Nf6 5. O-O b5 6. Bb3 Bc5 7. c3 d6 8. d4 Bb6
9. Re1 O-O 10. Be3 Rb8 11. Nbd2 h6 12. h3 Re8 13. Bc2 Bb7 14. a4 exd4 15. cxd4
Nb4 16. d5 Bxe3 17. Rxe3 c6 18. dxc6 Nxc6 19. axb5 axb5 20. Bd3 Qb6 21. Qb3 Bc8
22. Qa3 Ne5 23. Nxe5 dxe5 24. Qb4 Bd7 25. Nb3 Ra8 26. Ree1 Red8 27. Rxa8 Rxa8
28. Nc5 Be8 29. Qc3 Qd6 30. b4 Rd8 31. Rd1 Qe7 32. Ra1 Nh5 33. Bf1 Nf6 34. Kh2
Rd4 35. f3 Rd8 36. Nd3 Nd7 37. Ra5 Rb8 38. Qc7 Qf6 39. Kh1 Qb6 40. Qxb6 Rxb6 41.
Ra8 Kf8 42. Kg1 Ke7 43. Kf2 f6 44. Ra7 Kd6 45. h4 g5 46. g3 gxh4 47. gxh4 Bf7
48. Ke3 Be6 49. Nf2 Rb8 50. Ra6+ Ke7 51. Ra5 Bc4 52. Bh3 Be6 53. Bxe6 Kxe6 54.
h5 f5 55. exf5+ Kxf5 56. Ng4 Rb6 57. Ra7 Nf6 58. Nxh6+ Ke6 59. Ng4 Nxh5 60. Rc7
Nf4 61. Ke4 Ne2 62. Rc5 Ng3+ 63. Ke3 Nf5+ 64. Kf2 Ne7 65. Nxe5 Nd5 66. Nd3 Kd6
67. Rc8 Rc6 68. Rd8+ Ke6 69. Rb8 Nc7 70. Nc5+ Kd5 71. Rc8 Kc4 72. Nd7 Kxb4 73.
Nb8 Rc2+ 74. Kg3 Ka5 75. Nd7 b4 76. Ne5 b3 77. Nd3 Ka4 78. Kg4 Ne6 79. Ra8+ Kb5
80. f4 Kc4 81. Ne5+ Kd4 82. Nf3+ Kc3 83. Rc8+ Kb4 84. Rb8+ Kc4 85. f5 Rg2+ 86.
Kh4 Ng7 87. Kh3 Rf2 88. Kg3 Rxf3+ 89. Kxf3 1/2-1/2

[Event "World Rapid 2022"]
[Site "Almaty KAZ"]
[Date "2022.12.26"]
[Round "2.74"]
[White "Begmuratov, Khumoyun"]
[Black "Makhnev, Denis"]
[Result "0-1"]
[WhiteTitle "FM"]
[BlackTitle "GM"]
[WhiteElo "2399"]
[BlackElo "2481"]
[WhiteFideId "14210207"]
[BlackFideId "13707647"]
[EventDate "2022.12.26"]

1. e4 e5 2. Nf3 Nc6 3. Nc3 Nf6 4. d4 exd4 5. Nxd4 Bb4 6. Nxc6 bxc6 7. Bd3 d5 8.
exd5 cxd5 9. O-O O-O 10. h3 c6 11. Qf3 Rb8 12. Bf4 Bd6 13. b3 Rb4 14. Ne2 Bxf4
15. c3 Bh2+ 16. Kxh2 Rh4 17. Kg1 Ne4 18. Bxe4 Rxe4 19. c4 Rfe8 20. Ng3 R4e5 21.
cxd5 cxd5 22. Rfd1 d4 23. Qd3 Rd5 24. Rac1 h5 25. Qf3 Bb7 26. Qf4 h4 27. Ne4 Ba8
28. Rc7 Re7 29. Rxe7 Qxe7 30. f3 Rd8 31. Nf2 g5 32. Qd2 f6 33. Re1 Qd6 34. Qd3
Kg7 35. Rd1 Qb6 36. Ng4 Bd5 37. Re1 Bf7 38. Kh1 Qd6 39. Qd2 d3 40. Ne3 Qf4 41.
Qf2 Rd7 42. Rd1 Be6 43. Qd2 Re7 44. Qxd3 Bxh3 45. Re1 Rd7 46. Qc3 Be6 47. Qc6
Qg3 48. Rc1 Qe5 49. Nc4 Qe2 50. a4 h3 51. gxh3 Bxh3 52. Rg1 Rd1 53. Qc7+ Kh6 54.
Qg3 Rxg1+ 55. Kxg1 Qf1+ 56. Kh2 Be6 57. Ne3 Qe2+ 58. Ng2 Bd5 59. f4 g4 60. b4
Kg6 61. Kg1 Bxg2 62. Qxg2 Qd1+ 63. Kh2 Kf5 64. a5 Qd3 65. Qf2 a6 66. Kg1 Qb1+
67. Kg2 Qxb4 68. Qb6 Qe4+ 69. Kg1 Qe1+ 70. Kg2 Qe2+ 71. Kg1 g3 72. Qc5+ Kxf4 73.
Qd6+ Qe5 74. Qb6 Qe1+ 75. Kg2 Qe2+ 76. Kg1 Qh2+ 0-1

[Event "World Rapid 2022"]
[Site "Almaty KAZ"]
[Date "2022.12.26"]
[Round "2.75"]
[White "Dardha, Daniel"]
[Black "Ansat, Aldiyar"]
[Result "0-1"]
[WhiteTitle "GM"]
[BlackTitle "IM"]
[WhiteElo "2606"]
[BlackElo "2291"]
[WhiteFideId "240990"]
[BlackFideId "13715658"]
[EventDate "2022.12.26"]

1. d4 Nf6 2. c4 g6 3. h4 Bg7 4. Nc3 c5 5. d5 d6 6. e4 e6 7. Be2 exd5 8. exd5 h5
9. Nf3 O-O 10. Bf4 Re8 11. Ng5 a6 12. O-O Nbd7 13. Qd2 Ne5 14. Rfe1 Bf5 15. Bf1
Nh7 16. Nge4 Qd7 17. f3 Rac8 18. a4 Nf6 19. Ng3 Nh7 20. Bh6 Bf6 21. Qf4 Nd3 22.
Rxe8+ Rxe8 23. Qd2 Ne5 24. Nxf5 gxf5 25. Bg5 Nxg5 26. hxg5 Bg7 27. Re1 Ng6 28.
Bd3 Rxe1+ 29. Qxe1 Be5 30. Kf1 Qe7 31. Bxf5 Qxg5 32. Bxg6 fxg6 33. Ne4 Qf4 34.
Ke2 Bxb2 35. Qa5 Be5 36. Qd8+ Kg7 37. Qd7+ Kh6 38. Qxb7 Qh2 39. Qf7 Qxg2+ 40.
Ke3 Qg1+ 41. Ke2 Qg2+ 42. Kd3 Qf1+ 43. Kd2 Qg2+ 44. Ke3 Qg1+ 45. Ke2 Qh2+ 46.
Ke3 h4 47. Qe7 Qf4+ 48. Ke2 h3 49. Nf2 Qxc4+ 50. Ke1 h2 51. Qf8+ Bg7 52. Qxd6
Bc3+ 53. Kd1 Qf1+ 54. Kc2 Qxf2+ 55. Kb3 h1=Q 56. Qf4+ Kh7 0-1

[Event "World Rapid 2022"]
[Site "Almaty KAZ"]
[Date "2022.12.26"]
[Round "2.76"]
[White "Shishkov, Andrei"]
[Black "Suleymanli, Aydin"]
[Result "0-1"]
[WhiteTitle "IM"]
[BlackTitle "GM"]
[WhiteElo "2340"]
[BlackElo "2543"]
[WhiteFideId "4500563"]
[BlackFideId "13413937"]
[EventDate "2022.12.26"]

1. d4 Nf6 2. c4 e6 3. Nc3 Bb4 4. Qc2 d5 5. cxd5 exd5 6. Bf4 O-O 7. e3 c5 8. dxc5
Nbd7 9. Bd3 Nxc5 10. Ne2 Bxc3+ 11. Qxc3 Nxd3+ 12. Qxd3 h6 13. O-O Re8 14. h3 a6
15. Rfd1 Bd7 16. Nd4 Rc8 17. Rac1 Qa5 18. a3 Qb6 19. Rxc8 Rxc8 20. Be5 Ne4 21.
Nf3 Ba4 22. Re1 Qe6 23. Bxg7 Bb5 24. Qd4 Rc4 25. Qe5 Qg6 26. Qxd5 Kxg7 27. Nh4
Qe6 28. Qxb7 Nxf2 29. Kxf2 Rxh4 30. Kg1 Re4 31. Qa7 Qe5 32. b3 Qg3 33. Rc1 Qxe3+
34. Qxe3 Rxe3 35. a4 Bd7 36. Rc7 Be6 37. b4 0-1

[Event "World Rapid 2022"]
[Site "Almaty KAZ"]
[Date "2022.12.26"]
[Round "2.77"]
[White "Asadli, Vugar"]
[Black "Zverev, Lev"]
[Result "1-0"]
[WhiteTitle "GM"]
[BlackTitle "FM"]
[WhiteElo "2567"]
[BlackElo "2310"]
[WhiteFideId "13405764"]
[BlackFideId "24250775"]
[EventDate "2022.12.26"]

1. e4 e5 2. Nf3 Nc6 3. Bb5 a6 4. Ba4 Nf6 5. d4 exd4 6. O-O Be7 7. e5 Ne4 8. Nxd4
Nc5 9. Nf5 Ne6 10. Re1 Bg5 11. Nc3 O-O 12. Qg4 Bxc1 13. Raxc1 Qg5 14. Qxg5 Nxg5
15. Nd5 Ne6 16. c3 b5 17. Bc2 Bb7 18. Rcd1 Rad8 19. f4 g6 20. Ng3 d6 21. exd6
Rxd6 22. f5 gxf5 23. Nxf5 Rdd8 24. Be4 Kh8 25. Nf6 Rxd1 26. Rxd1 Rd8 27. Rf1 Nc5
28. Bd5 Ne5 29. Bxb7 Nxb7 30. Re1 Ng6 31. g3 Nc5 32. h4 Ne6 33. Kf2 Ngf8 34. Ne4
Rd5 35. Ne3 Re5 36. Kf3 Kg7 37. Rd1 f5 38. Nf2 Nc5 39. Nd3 Nxd3 40. Rxd3 Ne6 41.
Rd7+ Kg6 42. Nd5 c5 43. Rd6 Kf7 44. Ne3 c4 45. Rxa6 Nc5 46. Ra7+ Kg6 47. Ng2 Na4
48. Nf4+ Kh6 49. Ra6+ Kg7 50. Ne6+ Kf7 51. Ng5+ Kg7 52. Ra7+ Kg6 53. Ra6+ Kg7
54. h5 h6 55. Rg6+ Kf8 56. Rxh6 Nxb2 57. Re6 Rd5 58. h6 Rd8 59. Re2 1-0

[Event "World Rapid 2022"]
[Site "Almaty KAZ"]
[Date "2022.12.26"]
[Round "2.78"]
[White "Averin, Nikolay"]
[Black "Nesterov, Arseniy"]
[Result "0-1"]
[WhiteTitle "FM"]
[BlackTitle "GM"]
[WhiteElo "2342"]
[BlackElo "2573"]
[WhiteFideId "24250473"]
[BlackFideId "24198455"]
[EventDate "2022.12.26"]

1. e4 e5 2. Nf3 Nc6 3. Bb5 a6 4. Ba4 b5 5. Bb3 Na5 6. O-O d6 7. d4 exd4 8. Nxd4
Bb7 9. Nf5 g6 10. Qd4 Qf6 11. Qxf6 Nxf6 12. Ng3 Bg7 13. Bd2 Nxb3 14. axb3 O-O
15. f3 Rfe8 16. Nc3 d5 17. exd5 Nxd5 18. Nxd5 Bxd5 19. Bc3 Bxc3 20. bxc3 Re3 21.
Rfd1 c6 22. Rd2 Rxc3 23. Ne2 Rc5 24. Nf4 Be6 25. Nxe6 fxe6 26. Kf2 Rd5 27. Ke3
a5 28. Ra2 a4 29. bxa4 Rxa4 30. Rb2 Kf7 31. Rd3 Rxd3+ 32. Kxd3 e5 33. Rb1 Ke6
34. Ke3 b4 35. Kd3 Kd5 36. h3 Ra3+ 37. Kd2 c5 38. Re1 Ra2 39. Rb1 e4 40. fxe4+
Kxe4 41. Rb3 Ra3 42. Rb1 Kd4 43. Rf1 Ra2 44. Rf3 c4 45. Kd1 Ra3 46. Rf7 Kc3 47.
Rf3+ Kb2 48. Rf4 Rc3 49. Rf2 Kb1 50. Re2 b3 51. cxb3 Rc1+ 52. Kd2 Rc2+ 53. Kd1
Rxe2 54. Kxe2 0-1

[Event "World Rapid 2022"]
[Site "Almaty KAZ"]
[Date "2022.12.26"]
[Round "2.79"]
[White "Kadric, Denis"]
[Black "Elier, Ali"]
[Result "1-0"]
[WhiteTitle "GM"]
[WhiteElo "2584"]
[BlackElo "2165"]
[WhiteFideId "14403803"]
[BlackFideId "16217543"]
[EventDate "2022.12.26"]

1. e4 e5 2. Nf3 Nc6 3. Nc3 Nf6 4. Bb5 Nd4 5. Bc4 Nxe4 6. Nxe4 d5 7. Nxe5 dxc4 8.
Nxc4 f5 9. Nc3 Qg5 10. O-O f4 11. Re1+ Kd8 12. Ne5 Qf5 13. Re4 Bc5 14. d3 Re8
15. Bxf4 Ne6 16. Bg3 Ng5 17. h4 Ne6 18. d4 Bd6 19. Qf3 Qxf3 20. Nxf3 Bxg3 21.
fxg3 Bd7 22. Rae1 c6 23. d5 cxd5 24. Nxd5 Rc8 25. Ne5 Rc5 1-0

[Event "World Rapid 2022"]
[Site "Almaty KAZ"]
[Date "2022.12.26"]
[Round "2.80"]
[White "Cheng, Bobby"]
[Black "Postlmayer, Jakob"]
[Result "1-0"]
[WhiteTitle "GM"]
[BlackTitle "FM"]
[WhiteElo "2583"]
[BlackElo "2314"]
[WhiteFideId "4300033"]
[BlackFideId "1643622"]
[EventDate "2022.12.26"]

1. d4 Nf6 2. c4 e6 3. g3 d5 4. Bg2 dxc4 5. Nf3 Nc6 6. Qa4 Bb4+ 7. Bd2 Nd5 8.
Bxb4 Nxb4 9. O-O Rb8 10. Nc3 a6 11. Ne5 O-O 12. Nxc6 Nxc6 13. Bxc6 bxc6 14. Qxc4
Qd6 15. b3 Rb4 16. Ne4 Rxc4 17. Nxd6 Rxd4 18. Nc4 f6 19. f3 e5 20. Kf2 Be6 21.
Na5 c5 22. Rfc1 c4 23. bxc4 Rd2 24. Rc3 Rb2 25. Rb3 Rc2 26. Rb7 Bxc4 27. Nxc4
Rxc4 28. Rd1 Rc8 29. Rd3 Ra4 30. Rd2 Kf7 31. Rc2 Kg6 32. g4 c5 33. h4 c4 34. Rd2
c3 35. Rdd7 Rg8 36. h5+ Kh6 37. Rdc7 Ra3 38. Kg3 Rxa2 39. e3 c2 40. Kh4 a5 41.
Rc6 Ra4 42. f4 g5+ 43. fxg5+ Rxg5 44. Rxf6+ Rg6 45. hxg6 hxg6 46. Rc6 1-0

[Event "World Rapid 2022"]
[Site "Almaty KAZ"]
[Date "2022.12.26"]
[Round "2.81"]
[White "Abdilkhair, Abilmansur"]
[Black "Alonso Rosell, Alvar"]
[Result "0-1"]
[WhiteTitle "FM"]
[BlackTitle "GM"]
[WhiteElo "2278"]
[BlackElo "2561"]
[WhiteFideId "13716417"]
[BlackFideId "2270544"]
[EventDate "2022.12.26"]

1. e4 e5 2. Nf3 Nc6 3. d4 exd4 4. Nxd4 Qf6 5. Nb5 Bc5 6. Qe2 Bb6 7. N1c3 Nge7 8.
Be3 Ba5 9. O-O-O a6 10. Nd5 Nxd5 11. exd5 axb5 12. Bg5+ Qe5 13. dxc6 Qxe2 14.
cxd7+ Bxd7 15. Bxe2 Bc6 16. Rd3 O-O 17. Bf3 Bb6 18. a3 Bxf2 19. Rf1 Bb6 20. Bxc6
bxc6 21. Rg3 Rfe8 22. Bf6 g6 23. Rc3 Re6 24. g4 b4 25. Rd3 bxa3 26. bxa3 Bc5 27.
Kb2 Bd6 28. g5 Bxh2 29. Rd7 Bd6 30. a4 Re4 31. a5 Ree8 32. Bc3 Re7 33. Rxe7 Bxe7
34. Rg1 Rb8+ 35. Kc1 Bb4 36. Rg3 Bd6 37. Rg4 Kf8 38. Re4 Be7 39. Bd2 Ke8 40. Rh4
h5 41. Re4 Kd7 42. Rf4 Ke6 43. Re4+ Kd7 44. Rf4 Rf8 45. a6 Bd6 46. Ra4 Ra8 47.
Kb2 c5 48. Kb3 Kc6 49. Be1 Kb5 50. c4+ Kb6 51. Ba5+ Ka7 52. Be1 Re8 53. Ra1 Re3+
54. Ka4 Kxa6 55. Bf2 Re4 56. Kb3+ Kb7 57. Rh1 Rg4 58. Bh4 Kc6 59. Kc3 Bg3 60.
Bxg3 Rxg3+ 61. Kd2 Rxg5 62. Ra1 h4 63. Ke3 h3 64. Kf3 h2 65. Rh1 Rh5 66. Kg2 Rh8
67. Kg3 Kb6 68. Kf4 Ka5 69. Ke5 Kb4 70. Kd5 Rh5+ 71. Ke4 Kxc4 72. Kf4 Kd3 73.
Kg3 Kd2 74. Ra1 h1=Q 75. Ra2+ Kc3 76. Ra3+ Kb4 77. Ra2 Rg5+ 78. Kf4 Qh4+ 79. Kf3
Rg3+ 80. Kf2 Qh2+ 81. Kf1 Rg1# 0-1

[Event "World Rapid 2022"]
[Site "Almaty KAZ"]
[Date "2022.12.26"]
[Round "2.82"]
[White "Bilguun, Sumiya"]
[Black "Mamedov, Edgar"]
[Result "1/2-1/2"]
[WhiteTitle "GM"]
[BlackTitle "FM"]
[WhiteElo "2474"]
[BlackElo "2283"]
[WhiteFideId "4901541"]
[BlackFideId "13739980"]
[EventDate "2022.12.26"]

1. e4 c6 2. d4 d5 3. exd5 cxd5 4. Bd3 Nc6 5. c3 Nf6 6. Bf4 Bg4 7. Qb3 Qd7 8. Nd2
e6 9. Ngf3 Bxf3 10. Nxf3 Bd6 11. Bxd6 Qxd6 12. O-O O-O 13. Rae1 Qc7 14. Qc2 g6
15. Qd2 Kg7 16. h4 h5 17. Ng5 Rae8 18. g3 Ng4 19. Be2 Nf6 20. Kg2 a6 21. a4 Na5
22. Bd3 Nc4 23. Bxc4 dxc4 1/2-1/2

[Event "World Rapid 2022"]
[Site "Almaty KAZ"]
[Date "2022.12.26"]
[Round "2.83"]
[White "Makarian, Rudik"]
[Black "Suyarov, Mukhammadzokhid"]
[Result "1-0"]
[WhiteTitle "IM"]
[BlackTitle "FM"]
[WhiteElo "2554"]
[BlackElo "2299"]
[WhiteFideId "44105681"]
[BlackFideId "14210495"]
[EventDate "2022.12.26"]

1. c4 e5 2. Nc3 Nc6 3. Nf3 g6 4. g3 Bg7 5. Bg2 f5 6. d3 d6 7. O-O Nf6 8. Rb1 Ne7
9. b4 c6 10. c5 Ned5 11. Bb2 Nxc3 12. Bxc3 Nd5 13. Ba1 dxc5 14. Nxe5 Qe7 15.
Bxd5 Bxe5 16. Bxe5 Qxe5 17. Bf3 O-O 18. b5 Bd7 19. bxc6 Bxc6 20. Bxc6 bxc6 21.
Rb7 Rae8 22. Qb3+ Qd5 23. e3 Qxb3 24. Rxb3 Rd8 25. Rc1 Rd5 26. Kf1 Rfd8 27. Ke2
R8d7 28. Rc4 Kg7 29. Rbc3 Rb7 30. Rxc5 Rb2+ 31. Kf3 Rxa2 32. Rxc6 Rb5 33. Rc2
Ra1 34. Rc7+ Kh6 35. Rd7 Rb8 36. Rcc7 Rh8 37. Rxa7 Rh1 38. h4 Rd1 39. d4 Rd2 40.
Rf7 Rd1 41. Ra6 Kh5 42. Rfa7 Rb1 43. Ra8 Rxa8 44. Rxa8 h6 45. Ra5 Rb2 46. e4
Rb3+ 47. Kf4 Rb4 48. exf5 Rxd4+ 49. Ke3 Rb4 50. fxg6+ Kxg6 51. Ra6+ Kh5 52. Ra5+
Kg4 53. Ra6 Rb3+ 54. Ke2 h5 55. Rg6+ Kh3 56. Rg5 Kg2 57. f4 Ra3 58. Rg7 Rf3 59.
Rg8 Ra3 60. f5 Ra5 61. Rg5 Re5+ 62. Kd3 Kf3 63. Kd4 Ra5 64. f6 Ra6 65. Ke5 Ra7
66. Kf5 Ra5+ 67. Kg6 Ra6 68. Kg7 1-0

[Event "World Rapid 2022"]
[Site "Almaty KAZ"]
[Date "2022.12.26"]
[Round "2.84"]
[White "Tin, Jingyao"]
[Black "Nurgaliyev, Sauat"]
[Result "1-0"]
[WhiteTitle "GM"]
[BlackTitle "CM"]
[WhiteElo "2562"]
[BlackElo "2150"]
[WhiteFideId "5804418"]
[BlackFideId "13726285"]
[EventDate "2022.12.26"]

1. e4 e6 2. d3 d5 3. Qe2 dxe4 4. dxe4 e5 5. Nc3 Nc6 6. Bd2 Bd6 7. O-O-O Nge7 8.
f4 exf4 9. Qf2 Ng6 10. h4 Bg4 11. Be2 h5 12. Nb5 Be5 13. Nf3 Bxf3 14. Bxf3 a6
15. Nc3 Qd4 16. Qe2 Qc5 17. Nd5 Nd4 18. Qd3 Nxf3 19. Qxf3 O-O-O 20. Kb1 Qb5 21.
Bc3 f6 22. g3 Kb8 23. gxf4 Bxc3 24. Nxc3 Qc4 25. Qg3 Qf7 26. Rhg1 Rxd1+ 27. Rxd1
Re8 28. a3 Nf8 29. Rg1 Rd8 30. Qxg7 Qxg7 31. Rxg7 Ne6 32. Rf7 Nxf4 33. Rxf6 Ng2
34. e5 Nxh4 35. e6 Re8 36. Nd5 c6 37. Nf4 Nf3 38. Nxh5 Ng5 39. Ng7 Re7 40. Rg6
Ne4 41. Nf5 Re8 42. e7 Kc7 43. Re6 Ng5 44. Re5 Nf7 45. Re3 Kd7 46. c4 c5 47. Kc2
Rg8 48. Rd3+ Ke8 49. b4 Rg5 50. Rd5 cxb4 51. axb4 Rg2+ 52. Kb3 Re2 53. c5 Re5
54. Kc4 Re4+ 55. Kc3 Re5 56. Kd4 Re1 57. Nd6+ Kxe7 58. Nxb7 Rd1+ 59. Kc4 Rxd5
60. Kxd5 Kd7 61. c6+ Kc7 62. Nc5 Kb6 63. Ne6 Ka7 64. c7 Kb7 65. Nd8+ Kxc7 66.
Nxf7 Kb6 67. Nd6 a5 68. Nc4+ 1-0

[Event "World Rapid 2022"]
[Site "Almaty KAZ"]
[Date "2022.12.26"]
[Round "2.85"]
[White "Degenbaev, Aziz"]
[Black "Aleksandrov, Aleksej"]
[Result "1-0"]
[BlackTitle "GM"]
[WhiteElo "2139"]
[BlackElo "2495"]
[WhiteFideId "13802640"]
[BlackFideId "13500139"]
[EventDate "2022.12.26"]

1. c4 e6 2. Nc3 d5 3. cxd5 exd5 4. d4 c6 5. Nf3 Bf5 6. Bf4 Nf6 7. e3 Qb6 8. Qc1
Nbd7 9. Be2 Be7 10. h3 h6 11. O-O O-O 12. a3 a5 13. Ne5 Nxe5 14. Bxe5 Rfe8 15.
Qd2 Qd8 16. Bd3 Bxd3 17. Qxd3 Nd7 18. Bg3 a4 19. e4 dxe4 20. Nxe4 Nf6 21. Rfe1
Ra5 22. Nxf6+ Bxf6 23. Bc7 Rd5 24. Bxd8 Rexd8 25. Qf3 Bxd4 26. Re7 Rf8 27. Rxb7
g6 28. Rd1 Rd6 29. Rxd4 Rxd4 30. Qxc6 Rd1+ 31. Kh2 Rd2 32. Qxa4 Rxf2 33. Qa7 1-0

[Event "World Rapid 2022"]
[Site "Almaty KAZ"]
[Date "2022.12.26"]
[Round "2.86"]
[White "Harutyunyan, Tigran K."]
[Black "Akhilbay, Imangali"]
[Result "1-0"]
[WhiteTitle "GM"]
[WhiteElo "2511"]
[BlackElo "2140"]
[WhiteFideId "13303635"]
[BlackFideId "13734857"]
[EventDate "2022.12.26"]

1. c4 e6 2. g3 d5 3. Bg2 c5 4. Nf3 Nc6 5. O-O Nf6 6. cxd5 exd5 7. d4 Be7 8. dxc5
Bxc5 9. a3 Ne4 10. b4 Be7 11. Bb2 O-O 12. Nc3 Bf6 13. Rc1 Be6 14. Nd2 Nxc3 15.
Bxc3 d4 16. Ba1 d3 17. Bxf6 dxe2 18. Qxe2 Qxf6 19. Ne4 Qe7 20. Nc5 Rac8 21. Qe3
Rfd8 22. Rfe1 Rd6 23. h4 h6 24. b5 Nd8 25. Ne4 Rxc1 26. Rxc1 Rd5 27. Nc5 Rd6 28.
Nxe6 Nxe6 29. Qxa7 Nd4 30. Rb1 Rd7 31. a4 Kh7 32. Qa5 Qf6 33. Qe1 Nf3+ 34. Bxf3
Qxf3 35. a5 Rd6 36. b6 Qd3 37. Qf1 Qf3 38. a6 Rg6 39. a7 Qa3 40. Ra1 Rxg3+ 41.
fxg3 Qxg3+ 42. Qg2 Qe3+ 43. Qf2 Qe4 1-0

[Event "World Rapid 2022"]
[Site "Almaty KAZ"]
[Date "2022.12.26"]
[Round "2.87"]
[White "Tulendinov, Dinmukhammed"]
[Black "Saraci, Nderim"]
[Result "1-0"]
[WhiteTitle "CM"]
[BlackTitle "IM"]
[WhiteElo "1948"]
[BlackElo "2468"]
[WhiteFideId "13730860"]
[BlackFideId "6351921"]
[EventDate "2022.12.26"]

1. e4 e5 2. Nf3 Nc6 3. Bb5 a6 4. Bxc6 dxc6 5. O-O f6 6. d4 exd4 7. Nxd4 c5 8.
Nb3 Qxd1 9. Rxd1 Bd7 10. Bf4 O-O-O 11. Nc3 Be6 12. Rxd8+ Kxd8 13. Rd1+ Kc8 14.
Nd5 Bxd5 15. exd5 b6 16. d6 cxd6 17. Bxd6 Ne7 18. Nd2 Nf5 19. Bxf8 Rxf8 20. Nc4
Kc7 21. g4 Nh4 22. Ne3 Re8 23. c3 Kc6 24. h3 f5 25. gxf5 Re5 26. f6 gxf6 27. Rd8
Ng6 28. Rc8+ Kb7 29. Rd8 Kc6 30. Rc8+ Kb7 31. Rd8 Rh5 32. Rd7+ Kc6 33. Rf7 Rxh3
34. Rxf6+ Kb7 35. Nd5 b5 36. Ne3 Rh5 37. Kf1 Ne5 38. Ke2 Rh1 39. Re6 Nc4 40.
Nxc4 bxc4 41. Kf3 Rb1 42. Re2 Kc6 43. Ke4 h5 44. f4 Rh1 45. Ke5 h4 46. f5 h3 47.
Ke6 Rd1 48. f6 Rd6+ 49. Ke7 Rd7+ 50. Ke8 Rh7 51. f7 h2 52. Rxh2 Rxh2 53. f8=Q
Rxb2 54. Qf3+ Kb6 55. Qd5 Rxa2 56. Qxc4 Rd2 57. Qb3+ Kc6 58. Qa4+ Kb6 59. Ke7
Rd3 60. Qc2 c4 61. Qa4 a5 62. Qxc4 Rd2 63. Qb3+ Kc5 64. c4 Kd4 65. Kd6 Rd3 66.
Qb5 Rh3 67. Kc7 Rc3 68. Qd5+ Ke3 69. c5 a4 70. c6 a3 71. Kb7 Rc2 72. c7 a2 1-0

[Event "World Rapid 2022"]
[Site "Almaty KAZ"]
[Date "2022.12.26"]
[Round "2.89"]
[White "Amangeldy, Ernur"]
[Black "Tang, Andrew"]
[Result "0-1"]
[BlackTitle "GM"]
[WhiteElo "2097"]
[BlackElo "2540"]
[WhiteFideId "13720244"]
[BlackFideId "2059630"]
[EventDate "2022.12.26"]

1. d4 d5 2. c4 e6 3. Nf3 Nf6 4. Nc3 Be7 5. Bf4 O-O 6. e3 b6 7. cxd5 Nxd5 8. Nxd5
exd5 9. Bd3 c5 10. O-O Nc6 11. Rc1 c4 12. Bb1 Be6 13. Ne5 Nxe5 14. Bxe5 b5 15.
Qf3 Qd7 16. b3 f6 17. Qh5 g6 18. Bxg6 Ba3 19. Bb1 Bxc1 20. Bd6 Rf7 21. Bb4 a5
22. Bc5 Bd2 23. e4 Bg4 24. Qh4 Be2 0-1

[Event "World Rapid 2022"]
[Site "Almaty KAZ"]
[Date "2022.12.26"]
[Round "3.2"]
[White "Duda, Jan-Krzysztof"]
[Black "Bluebaum, Matthias"]
[Result "1-0"]
[WhiteTitle "GM"]
[BlackTitle "GM"]
[WhiteElo "2729"]
[BlackElo "2657"]
[WhiteFideId "1170546"]
[BlackFideId "24651516"]
[EventDate "2022.12.26"]

1. d4 d5 2. c4 e6 3. Nc3 Bb4 4. Qa4+ Nc6 5. e3 Nf6 6. Bd2 O-O 7. a3 Bxc3 8. Bxc3
Ne4 9. Ne2 a6 10. Qc2 Nxc3 11. Nxc3 dxc4 12. Bxc4 e5 13. d5 Ne7 14. O-O Bf5 15.
e4 Bg6 16. Rac1 Qd6 17. Rfd1 Kh8 18. Bd3 Bh5 19. f3 c6 20. Qf2 cxd5 21. Nxd5
Nxd5 22. exd5 Rac8 23. g4 Bg6 24. Be4 Qd7 25. Rxc8 Rxc8 26. Bxg6 hxg6 27. d6 Kg8
28. Qe3 Re8 29. Qe4 Kh7 30. Kg2 f5 31. gxf5 gxf5 32. Qh4+ Kg8 33. Qc4+ Kh7 34.
Qc7 Rd8 35. Kf2 Qxc7 36. dxc7 Rc8 37. Rd7 Kg6 38. h4 Kf6 39. b4 g6 40. a4 Ke6
41. Rg7 Kf6 42. Rh7 Ke6 43. Kg3 b5 44. a5 Kf6 45. Kf2 Ke6 46. Ke3 Kd6 47. Rg7
Rxc7 48. Rxg6+ Kd5 49. h5 Rc4 50. h6 Rxb4 51. Rxa6 f4+ 52. Kd2 Rb2+ 53. Kc3 Rf2
54. Rf6 Rxf3+ 55. Kb4 e4 56. a6 Ke5 57. Rf8 e3 58. a7 e2 59. Re8+ Kd4 60. Rxe2
Kd5 1-0

[Event "World Rapid 2022"]
[Site "Almaty KAZ"]
[Date "2022.12.26"]
[Round "3.3"]
[White "Yu, Yangyi"]
[Black "Shimanov, Aleksandr"]
[Result "1/2-1/2"]
[WhiteTitle "GM"]
[BlackTitle "GM"]
[WhiteElo "2728"]
[BlackElo "2581"]
[WhiteFideId "8603820"]
[BlackFideId "4198603"]
[EventDate "2022.12.26"]

1. Nf3 d5 2. g3 Bg4 3. Bg2 Nd7 4. h3 Bh5 5. d4 c6 6. O-O e6 7. c4 Bd6 8. Qb3 Rb8
9. Nc3 Ngf6 10. cxd5 exd5 11. Nh4 O-O 12. g4 Bg6 13. Bg5 Qe8 14. Nxg6 hxg6 15.
Rae1 Qc8 16. e4 dxe4 17. Nxe4 Bc7 18. Nc5 Nxc5 19. dxc5 Re8 20. Qa4 a6 21. Qd4
Qd8 22. Qc3 Qd7 23. Bxf6 gxf6 24. Qxf6 Rxe1 25. Rxe1 Re8 26. Qc3 Rxe1+ 27. Qxe1
Qd4 28. Qc3 Qxc3 29. bxc3 Be5 30. c4 Bd4 31. g5 Bxc5 32. h4 1/2-1/2